Carpaccio

Uloženo v:
Podrobná bibliografie
Hlavní autor: Valcanover, Francesco (Autor)
Médium: Kniha
Jazyk:španělština
Vydáno: Florencia Scala-Riverside 1992
Edice:Los grandes maestros del arte
Témata:
Tagy: Přidat tag
Žádné tagy, Buďte první, kdo vytvoří štítek k tomuto záznamu!

MARC

LEADER 00000nam a2200000 a 4500
001 UCY5040
003 CL-VaPUC
008 950411e19920000IT |||||||||||||||||spa|d
082 0 4 |a 759.03  |b VAL  |2 21 
100 0 |a Valcanover, Francesco  |e author  |9 333615 
245 1 0 |a Carpaccio 
300 |a 79 p 
942 |c BK 
945 |d 19950411 00:00:00  |a oaravena 
260 |a Florencia  |b Scala-Riverside  |c 1992 
600 0 7 |a CARPACCIO, VITTORE  |2 CL-VaPUC  |9 333616 
650 7 |a PINTURAS ITALIANAS  |2 CL-VaPUC  |9 333617 
650 7 |a OBRAS ILUSTRADAS SIGLO 15  |2 CL-VaPUC  |9 268613 
651 0 |a Italia  |9 254949 
583 |a last modification  |c 19950411 00:00:00  |k Rodrigo Vera 
490 0 |a Los grandes maestros del arte 
999 |c 232771  |d 232769 
952 |0 0  |1 0  |4 0  |6 759_030000000000000_VAL_1992  |7 0  |8 X  |9 237645  |a BIBHIS  |b BIBHIS  |d 2019-11-15  |i 3072959  |o 759.03 VAL 1992  |p 3072959  |r 2024-01-30  |w 2019-11-15  |y BK_X  |k HIS